Linguistic justice for Europe and for the world / (Record no. 10355)

MARC details
000 -LEADER
fixed length control field 00718cam a22002292 4500
001 - CONTROL NUMBER
control field 0000024586
005 - DATE AND TIME OF LATEST TRANSACTION
control field 20151217152304.0
008 - FIXED-LENGTH DATA ELEMENTS--GENERAL INFORMATION
fixed length control field 140109s xx 000 0 eng d
020 ## - INTERNATIONAL STANDARD BOOK NUMBER
International Standard Book Number 0199208876 :
040 ## - CATALOGING SOURCE
Original cataloging agency KABU
Transcribing agency KABU
100 1# - MAIN ENTRY--PERSONAL NAME
Personal name Parijs, Philippe Van.
-- 0000184921
245 10 - TITLE STATEMENT
Title Linguistic justice for Europe and for the world /
Statement of responsibility, etc. Philippe Van Parijs.
250 ## - EDITION STATEMENT
Edition statement 1st ed.
260 ## - PUBLICATION, DISTRIBUTION, ETC. (IMPRINT)
Place of publication, distribution, etc. Oxford :
Name of publisher, distributor, etc. O. U. P.,
Date of publication, distribution, etc. 2011.
300 ## - PHYSICAL DESCRIPTION
Extent xi, 299 p.
650 #0 - SUBJECT ADDED ENTRY--TOPICAL TERM
Topical term or geographic name as entry element Lingua francas.
-- 0000184922
650 #0 - SUBJECT ADDED ENTRY--TOPICAL TERM
Topical term or geographic name as entry element English language
General subdivision Foreign countries.
-- 0000184923
650 #0 - SUBJECT ADDED ENTRY--TOPICAL TERM
Topical term or geographic name as entry element Language policy.
-- 0000161064
852 1# - LOCATION
-- p3915 KES
908 ## - PUT COMMAND PARAMETER (RLIN)
Put command parameter 140109
950 ## - LOCAL HOLDINGS (RLIN)
-- 1
Holdings
Withdrawn status Lost status Source of classification or shelving scheme Not for loan Home library Current library Date acquired Total Checkouts Full call number Barcode Date last seen Price effective from Koha item type
    Library of Congress Classification   Kabarak, Main Campus Kabarak, Main Campus 17/12/2015   PM 7802 .P37 2011 c. 1 016318 17/12/2015 17/12/2015 General Collection
Designed with assistance from East African Informatics Ltd